Large cities in Central Asia - Statistics

General Stats
  • This quiz has been taken 53 times
  • The average score is 22 of 44
Answer Stats
Country Answer % Correct
Uzbekistan Tashkent
100%
Kyrgyzstan Bishkek
98%
Islamabad
98%
Pakistan Karachi
98%
Astana
95%
Aghanistan Kabul
95%
Lahore
95%
Iran Tehran
95%
Kazakhstan Almaty
93%
Turkmenistan Ashgabat
93%
Tajikistan Dushanbe
90%
Isfahan
81%
Mashhad
71%
Tabriz
69%
Hyderabad
62%
Kandahar
62%
Shiraz
62%
Osh
55%
Quetta
55%
Rawalpindi
52%
Samarkand
52%
Peshawar
50%
Faisalabad
48%
Herat
43%
Multan
38%
Qaragandy
33%
Gujranwala
31%
Shymkent
29%
Jalalabad
26%
Jalal-Abad
26%
Mary
26%
Nukus
26%
Turkmenabat
26%
Ahvaz
19%
Karaj
17%
Aktobe
14%
Andijan
12%
Khujand
12%
Namangan
12%
Karakol
10%
Balkanabat
7%
Mazar-e Sharif
7%
Kulob
5%
Dasoguz
2%
No matching quizzes found
Score Distribution
Percent of People with Each Score
Percentile by Number Answered
Your Score History
You have not taken this quiz